000 00430nab a2200145Ia 4500
003 ES-SlBCS
005 20210601131746.0
008 140529s1929 xxu||||| |||| 00| 0 fre d
041 _afre
100 1 _aReinhard, H. M.
_9188657
245 0 0 _aMarie de l'Incarnation
_c H. M. Reinhard
600 1 4 _aMaría de la Encarnación
_9169884
773 0 _tVie Intelectuelle (La)
_gvol. 4, nº. 3, 1929, págs. 225-234
_wRev907
942 _cAR
999 _c568295
_d568295